Les cartes de Yugi Muto et Atem dans Yu-Gi-Oh! - Statistiques

Statistiques générales
  • Ce quiz a été pris 363 fois
  • Le résultat moyen est 15 sur 24
Statistiques - réponses
Par images Réponse % Correct
Magicien Sombre
99%
Éxodia, l'Interdit
94%
Kuriboh
92%
Magicienne des Ténèbres
92%
Force de Miroir
83%
Gaïa le Chevalier Implacable
79%
Crâne Invoqué
76%
Chapeaux Magiques
71%
Malédiction du Dragon
70%
Tortue Catapulte
70%
Cylindre Magique
69%
Épées de Révélation de la Lumière
69%
Slifer, le Dragon Céleste
69%
Gardien Celte
68%
Soldat Géant de Pierre
67%
Buster Blader
65%
Magicien Silencieux
53%
Valkyrion, le Guerrier Magnétique
48%
Cercle Envoûtant
45%
L'Œil de Timée
40%
Sentinelle au Grand Bouclier
40%
Watapon
33%
Chimère, Bête Mythique Volante
25%
Archdémon de Gilfer
21%
Aucun quiz correspondant
Distribution des résultats
% des personnes avec chaque résultat
Percentile par nombre de réponses
Votre historique - résultats
Vous n’avez pas pris ce quiz